<?xml version="1.0" encoding="UTF-8"?>
<collection xmlns:xsi="http://www.w3.org/2001/XMLSchema-instance" xsi:schemaLocation="http://www.loc.gov/MARC21/slim http://www.loc.gov/standards/marcxml/schema/MARC21slim.xsd" xmlns="http://www.loc.gov/MARC21/slim">
 <record>
  <leader>00000ctm a22000003a 4500</leader>
  <controlfield tag="001">UP-99796217610571593</controlfield>
  <controlfield tag="003">Buklod</controlfield>
  <controlfield tag="005">20221124160029.0</controlfield>
  <controlfield tag="006">a    grb    001 u|</controlfield>
  <controlfield tag="007">ta</controlfield>
  <controlfield tag="008">221124s2004    xx      r    |||| u|    |</controlfield>
  <datafield tag="035" ind1=" " ind2=" ">
   <subfield code="a">(iLib)UPD-00192603269</subfield>
  </datafield>
  <datafield tag="040" ind1=" " ind2=" ">
   <subfield code="a">DENG</subfield>
   <subfield code="e">aacr</subfield>
  </datafield>
  <datafield tag="041" ind1="0" ind2=" ">
   <subfield code="a">eng</subfield>
  </datafield>
  <datafield tag="090" ind1="0" ind2="0">
   <subfield code="a">LG 993 2004 E66</subfield>
   <subfield code="b">E53</subfield>
  </datafield>
  <datafield tag="100" ind1="1" ind2=" ">
   <subfield code="a">Enderez, Anatolio</subfield>
  </datafield>
  <datafield tag="245" ind1="1" ind2="3">
   <subfield code="a">An industrial quality control study at Cancorp Inc. Rowell Group of Companies</subfield>
   <subfield code="c">Antonio Enderez, Joel Roxas, Romeo Aspera.</subfield>
  </datafield>
  <datafield tag="264" ind1=" " ind2="1">
   <subfield code="a">Diliman, Quezon City</subfield>
   <subfield code="b">College of Engineering</subfield>
   <subfield code="c">2004</subfield>
  </datafield>
  <datafield tag="300" ind1=" " ind2=" ">
   <subfield code="a">86 leaves</subfield>
  </datafield>
  <datafield tag="500" ind1=" " ind2=" ">
   <subfield code="a">Feasibility study</subfield>
  </datafield>
  <datafield tag="506" ind1="0" ind2=" ">
   <subfield code="a">Access exclusively for UP IE students. Written permission required from the department head for NON-IE and NON-UP students or researchers</subfield>
  </datafield>
  <datafield tag="508" ind1=" " ind2=" ">
   <subfield code="a">Submitted in partial fulfillment of the course requirements in IE 135 : Industrial 	Quality Control</subfield>
  </datafield>
  <datafield tag="520" ind1="0" ind2=" ">
   <subfield code="a">This is a Quality Control Study performed at the tin can manufacturing corporation Cancorp, Incorporated. The study focused on the company's most manufactured product, tin cans with diameter of 127 mm. The study documented the entire can manufacturing process of the company. The company's quality control data were utilized in calculating performance measures based on statistical quality control formulas. The Failure Mode and Effects Analysis (FMEA) methodology was employed in identifying potential process problems. Failure modes were identified and each were rated with respect to their severity, occurence and detection. A Risk Priority Number  was calculated for each failure mode. Using the RPN, the most critical failure modes were identified and were focused on in the formulation of recommendations. Statistical Process Control Charts were formulated for the major attributes of the product. For each control chart, the distributions of the corresponding attributes were superimposed over the specification limits to project whether the data was well centered or not. Process recommendations that would improve process averages were formulated. The acceptance sampling plan employed by the Company was evaluated in terms of statistical quality control performnace mesaures. It is recommended to cease the use of the inverter test used in weld inspection and use the samples as an additional sample for the moreaccurate ball-tear test. The main recommendations of the study were basically the utilization of the company's quality control data thru set-up of control charts that would definitely improve quality. Process changes that would aid in the improvement of the statistical distributions of attributes were also recommended. Specifically, the reduction of the flange width and the tightening of the seam were highly recommended because such would improve all attributes and thus center the data inside the specification limits. Overall, te study was mostly documentation and presentation of formulated Statistical Quality Control Charts. The recommendations were few but concise and very relevant and beneficial. The importance of employing statistical quality control tools in monitoring the company's process was emphasized throughout the study.</subfield>
  </datafield>
  <datafield tag="610" ind1="0" ind2="4">
   <subfield code="a">Cancorp Inc. Rowell Group of Companies.</subfield>
  </datafield>
  <datafield tag="650" ind1="0" ind2="0">
   <subfield code="a">Canning industry.</subfield>
  </datafield>
  <datafield tag="650" ind1="0" ind2="0">
   <subfield code="a">Quality control.</subfield>
  </datafield>
  <datafield tag="658" ind1=" " ind2=" ">
   <subfield code="a">Industrial Quality Control</subfield>
   <subfield code="c">IE 135.</subfield>
  </datafield>
  <datafield tag="700" ind1="1" ind2=" ">
   <subfield code="a">Roxas, Joel.</subfield>
  </datafield>
  <datafield tag="700" ind1="1" ind2=" ">
   <subfield code="a">Aspera, Romeo.</subfield>
  </datafield>
  <datafield tag="842" ind1=" " ind2=" ">
   <subfield code="a">Thesis</subfield>
  </datafield>
  <datafield tag="905" ind1=" " ind2=" ">
   <subfield code="a">FI</subfield>
  </datafield>
  <datafield tag="950" ind1=" " ind2=" ">
   <subfield code="a">Paper</subfield>
  </datafield>
  <datafield tag="852" ind1="0" ind2=" ">
   <subfield code="a">UPD</subfield>
   <subfield code="b">DENG</subfield>
   <subfield code="h">LG 993 2004 E66</subfield>
   <subfield code="i">E53</subfield>
  </datafield>
  <datafield tag="942" ind1=" " ind2=" ">
   <subfield code="a">Thesis</subfield>
  </datafield>
 </record>
</collection>
